| 000 | 00624nam a22002057a 4500 | ||
|---|---|---|---|
| 999 |
_c172326 _d172326 |
||
| 005 | 20200131171441.0 | ||
| 010 | _aB-731183 | ||
| 020 |
_a9788125036845 _c385.00 |
||
| 035 | _aB-731183 | ||
| 037 | _bDBAD/Pub | ||
| 082 | _a954.09 | ||
| 100 | _aChandra, Bipan | ||
| 245 |
_aHistory of modern India / _cby Bipan Chandra |
||
| 260 |
_aNew Delhi _bOrient Blackswan _c2016 |
||
| 270 |
_a1824, Asaf Ali Road _bNew Delhi _e110002 |
||
| 300 |
_aviii, 351p. _c22cm (pbk) |
||
| 500 | _aIncludes index | ||
| 942 |
_2ddc _cEN _mCHA _h954.09 |
||